000 00629nam a2200217 u 4500
001 61506
005 20180714063149.0
008 141006s2009 mx r 000 0 spa d
020 _a978-968-15-2253-7
082 0 _a883
_bHOM
100 1 _aHomero,
_eautor
245 1 3 _aLa Ilíada /
_cHomero.
250 _a1a. edición
264 1 _aMéxico :
_bEditores Mexicanos Unidos,
_c2007
300 _a222 páginas ;
_c21 cm.
336 _atexto
_2rdacontent
337 _asin mediación
_2rdamedia
338 _avolumen
_2rdacarrier
490 0 _aColección grandes de la literatura
650 0 _aLiteratura griega
999 _c61506
_d61506